Statistics for LIGA MX CLUBS 2022

Click here to take the quiz!

General Stats

  • This quiz has been taken 215 times
  • The average score is 15 of 18

Answer Stats

TEAM% Correct
CD Guadalajara
97%
Club América
96%
Pumas UNAM
93%
Tigres UANL
93%
Cruz Azul
91%
Club Tijuana
87%
Atlas FC
86%
CF Pachuca
83%
Deportivo Toluca FC
83%
FC Juárez
83%
Club Puebla
82%
Léon
82%
Mazatlán FC
81%
Atlético de San Luis
79%
Santos Laguna
79%
CF Monterrey
78%
Gallos Blancos de Querétaro
73%
Club Necaxa
72%

Score Distribution

Percentile by Number Answered

Percent of People with Each Score

Your Score History

You have not taken this quiz